Kvalita 4.0

Informácie a činitele transformácie z tradičného chápania kvality na kvalitu 4.0, nasledujúcu trend priemyslu 4.0. Odporúčania pre manažérov kvality na revidovanie stratégie kvality.

Gespeichert in:
Bibliographische Detailangaben
1. Verfasser: Džubáková, Martina
Format: Buchkapitel
Sprache:Slowakisch
Schlagworte:
Tags: Tag hinzufügen
Keine Tags, Fügen Sie das erste Tag hinzu!

MARC

LEADER 00000naa$a2200000$$$4500
001 0252467
005 20240502074041.5
041 0 |a slo 
044 |a SK 
245 1 0 |a Kvalita 4.0  |c Martina Džubáková 
520 |a Informácie a činitele transformácie z tradičného chápania kvality na kvalitu 4.0, nasledujúcu trend priemyslu 4.0. Odporúčania pre manažérov kvality na revidovanie stratégie kvality. 
610 2 0 |a kvalita 
610 2 0 |a manažment 
610 2 0 |a štandardy medzinárodné 
610 2 0 |a priemysel 4.0 
100 1 |a Džubáková, Martina